000 00710cam a22002413a 4500
001 18119
003 PGUSA
005 20140828083403.0
008 060404s2006||||xxu|||||s|||||000 | eng d
040 _aPGUSA
_beng
042 _adc
050 4 _aPE
100 1 _aWilliams, Lida Myrtle,
_d1877-
245 1 0 _aHow to Teach Phonics
_h[electronic resource] /
_cLida Myrtle Williams
260 _bProject Gutenberg,
_c2006
506 _aPublic domain in the USA.
516 _aElectronic text
653 _aReading -- Phonetic method
653 _aEnglish language -- Phonetics -- Study and teaching
830 0 _aProject Gutenberg
_v18119
856 4 0 _uhttp://www.gutenberg.org/ebooks/18119
942 _cEB
999 _c247374
_d247374